|
|
|
|
| LEADER |
01096pam a22003018a 4500 |
| 001 |
00045220 |
| 005 |
20191202111231.0 |
| 008 |
170918s2017 ||||||Viesd |
| 020 |
# |
# |
|c 145000
|a 9786041100947
|
| 041 |
0 |
# |
|a Vie
|
| 082 |
1 |
4 |
|a 305.569
|b H309NGH
|
| 100 |
# |
# |
|a Banerjee, Abhijit V.
|
| 245 |
0 |
0 |
|a Hiểu nghèo thoát nghèo
|c Abhijit V. Banerjee, Esther Duflo ; Nguyễn Lê Bảo Ngọc (dịch)
|b Cách mạng tư duy để thoát nghèo trên thế giới
|
| 250 |
# |
# |
|a In lần thứ 4
|
| 260 |
# |
# |
|a Tp. Hồ Chí Minh
|c 2017
|b Trẻ
|
| 300 |
# |
# |
|a 444 tr.
|c 20 cm
|
| 490 |
# |
# |
|a Cánh cửa mở rộng
|
| 500 |
# |
# |
|a Tên sách tiếng Anh: Poor economics
|
| 653 |
# |
# |
|a Kinh tế
|
| 653 |
# |
# |
|a Người nghèo
|
| 653 |
# |
# |
|a Nước đang phát triển
|
| 653 |
# |
# |
|a Phòng chống
|
| 653 |
# |
# |
|a Xã hội
|
| 700 |
1 |
# |
|a Duflo, Esther
|
| 700 |
1 |
# |
|a Nguyễn, Lê Bảo Ngọc
|e Dịch
|
| 852 |
# |
# |
|j KD.0026661
|
| 910 |
# |
# |
|d 2/12/2019
|
| 980 |
# |
# |
|a Trung tâm Học liệu Lê Vũ Hùng, Trường Đại học Đồng Tháp
|